Car Models by Picture #10 - Statistics

General Stats
  • This quiz has been taken 131 times
  • The average score is 6 of 12
Answer Stats
Picture Hint Answer % Correct
Ford GT
94%
BMW M5
79%
Land Rover Defender
64%
Honda Fit
64%
Renault 5 GT Turbo
62%
Lancia Delta HF
61%
Hummer H1
61%
Dacia Sandero
61%
Citroën Xsara
34%
Porsche 356
31%
Nissan Figaro
19%
Dodge Ramcharger
7%
No matching quizzes found
Score Distribution
Percent of People with Each Score
Percentile by Number Answered
Your Score History
You have not taken this quiz